000 00788cam a2200253 4500500
005 20260405003502.0
041 _afre
042 _adc
100 1 0 _aLacroix, Alexandre
_eauthor
245 0 0 _aGaspard Kœnig : “Faire de la politique oblige le philosophe à préciser ses idées”
260 _c2022.
500 _a37
690 _aAdministration
690 _aÉlection présidentielle 2022
690 _aGaspard Kœnig
690 _aLibéralisme
690 _aLoi
690 _apollution
690 _aRègle
690 _aSimplicité
690 _aSimplification
786 0 _nPhilosophie magazine | 158 | 4 | 2022-04-01 | p. 13-13 | 1951-1787
856 4 1 _uhttps://shs.cairn.info/magazine-philosophie-magazine-2022-4-page-13?lang=fr&redirect-ssocas=7080
999 _c2068004
_d2068004